000 01686cam a22004454i 4500
003 PE-LiUPU
005 20250731173003.0
008 150623s r 000 0 d
020 _a0805416471
035 _a(Sirsi) i9780805416473
040 _aPE-LiUPU
_bspa
_cPE-LiUPU
_erda
049 _aPRUA
082 0 4 _a239
_bC77N
_221
100 1 _aCorduan, Winfried,
_eautor.
245 1 0 _aNo doubt about it :
_bthe case for christianity /
_cWinfried Corduan.
264 1 _aNashville, Tennessee :
_bBroadman and Holman,
_c1997.
300 _a279 páginas ;
_c23 centímetros
336 _atext
_2rdacontent
337 _aunmediated
_2rdamedia
338 _avolume
_2rdacarrier
505 0 _aFaith, reason and doubt. -Truth, knowledge: some important components. -Knowledge: testing worldviews. -Worldviews in trouble. -The existence of God. -God and evil. -Miracles: liability and asset. -back to the past. -The New Testament and history. -Who is Jesus?. -From Christ to Christianity. -Truth and our culture.
526 _aSEG42
526 _aSEG41
526 _aSEG40
526 _aSEG39
526 _aP94
526 _aP87
526 _aP86
526 _aP85
526 _aP77
526 _aP76
526 _aP35
650 0 4 _aApologética.
_92321
942 _2ddc
_cBOOK
949 _a239 C77N
_wDEWEY
_c1
_i45595
_lCCODEBUL1
_mBUL
_r0
_sY
_tBOOK
_u2015-6-24
_xTEOLOGIA
_PP35
_0COMPRA
_o.STAFF. Colección General
994 _aC0
_bPEPRU
596 _a1
999 _a239 C77N
_wDEWEY
_c22464
_i45595
_f2021-11-10
_g5
_lCCODEBUL1
_mBUL
_r0
_sY
_tBOOK
_u2015-6-24
_xTEOLOGIA
_PP35
_0COMPRA
_o.STAFF. Colección General
_d22464
980 _81
_gALBERTO SANCHEZ Responsable de Automatización